000 00862nam a22002651 4500
001 20112
003 CZ PrNK
005 20260116134624.0
008 030330s1959 xo ||| | slo
020 _q(Váz.)
040 _aABA001
_bcze
_cABA001
_dABA001
100 1 _aPlicková, Ester,
_d1928-2011
_4aut
245 1 0 _aPozdišovské hrnčiarstvo /
_cEster Plicková
250 _a1. vyd.
260 _aBratislava :
_bSlov. vydav. krásnej lit.,
_c1959
300 _a233 s. ;
_c
490 1 _aKnižnica ľudového umenia ;
_vzv. 9
490 1 _aPráce Národopisného ústavu Slovenskej akadémie vied v Bratislave ;
_vzv. 8
500 _aVýtah rus., franc., něm.
500 _aS barev. il.
830 0 _aKnižnica ľudového umenia
830 0 _aPráce Národopisného ústavu Slovenskej akadémie vied
910 _aABA001
942 _2ddc
_cOLDO
_n0
999 _c20112
_d20112